000 00758nas a2200229 4500
001 BR9208692
003 BR-BrBNA
005 20231205093140.0
007 ta
008 230509b bl.|||p| |||| 00| 00por d
040 _aBR-BrBNA
_bpor
_cBiblioteca Nacional de Agricultura
041 _a(Pt)
072 _aH10
100 1 _aCividones, F.J.
245 1 _aAvaliacao dos danos de Elasmopalpus lignosellus (Zeller, 1848)(Lepidoptera: Pyralidae)no trigo cultivado em diferentes epocas
650 _aTRIGO
650 _aPRAGA DE PLANTA
650 _aBROCA DO COLO
773 0 _tAnais da Sociedade Entomologica do Brasil (Brazil)
_xISSN 0301-8059
_g(1987), v. 16(2) p. 409-426
_wBR9208692
909 _a202311
_bLúcia
_c55
_dLúcia Elande
942 _2AGRIS
_n0
_cANA
999 _c136486
_d136486